[Event "SVK-ch U16"]
[Site "Lubovnianske Kupele"]
[Date "2012.03.23"]
[Round "8"]
[White "Tkac, Adam"]
[Black "Ziaran, Milan"]
[Result "1-0"]
[WhiteElo "1502"]
[BlackElo "1237"]
[PlyCount "79"]
[EventDate "2012.03.17"]
[EventType "swiss"]
[EventRounds "9"]
[EventCountry "SVK"]
[SourceTitle "CBM 147 Extra"]
[Source "ChessBase"]
[SourceDate "2012.04.24"]
[SourceVersion "1"]
[SourceVersionDate "2012.04.24"]
[SourceQuality "1"]

1. d4 d5 2. c4 c6 3. Nc3 Nf6 4. Nf3 e6 5. Bg5 Nbd7 6. e3 Qa5 7. c5 Ne4 8. Qc2 b6 9. Bd3 Nxc3 10. Qxc3 Qxc3+ 11. bxc3 bxc5 12. c4 Ba6 13. 0-0 f6 14. Bf4 dxc4 15. Be2 cxd4 16. exd4 g5 17. Be3 Bg7 18. Rac1 Nb6 19. Nd2 Nd5 20. Bxc4 Bxc4 21. Rxc4 Kd7 22. Rfc1 Rhc8 23. Nb3 Bf8 24. Na5 Nb4 25. a3 Nd5 26. a4 Ba3 27. R1c2 Rab8 28. g3 Rb6 29. Kg2 Bb4 30. Nb3 a5 31. Bd2 Bxd2 32. Nc5+ Kd6 33. Rxd2 f5 34. Nd3 Nb4 35. Ne5 Rc7 36. Rc5 Ra7 37. Nc4+ Kc7 38. Nxb6 Kxb6 39. g4 Na6 40. Re5 1-0

[Event "SVK-ch U16"]
[Site "Lubovnianske Kupele"]
[Date "2012.03.22"]
[Round "7"]
[White "Hurtuk, Radovan"]
[Black "Tkac, Adam"]
[Result "1/2-1/2"]
[WhiteElo "1208"]
[BlackElo "1502"]
[PlyCount "51"]
[EventDate "2012.03.17"]
[EventType "swiss"]
[EventRounds "9"]
[EventCountry "SVK"]
[SourceTitle "CBM 147 Extra"]
[Source "ChessBase"]
[SourceDate "2012.04.24"]
[SourceVersion "1"]
[SourceVersionDate "2012.04.24"]
[SourceQuality "1"]

1. e4 c6 2. d4 d5 3. exd5 cxd5 4. c4 Nf6 5. Nf3 e6 6. c5 Nc6 7. Bb5 Bd7 8. 0-0 g6 9. Bg5 Bg7 10. Ne5 0-0 11. Bxc6 Bxc6 12. Nc3 Qc7 13. f4 Ne4 14. Qg4 Nxc3 15. bxc3 b6 16. Nxc6 Qxc6 17. Be7 Rfc8 18. Qh4 bxc5 19. Bxc5 Bf8 20. Bxf8 Rxf8 21. Rf3 Rfc8 22. Qh6 f5 23. Re1 Re8 24. Qg5 Qd7 25. Rfe3 Rac8 26. Qh4 1/2-1/2